000 00815nac a22002171u 4500
010 _a 2006050160
020 _a1418013404
082 0 0 _a629.2872
_bHAE
090 _c8094
_d8094
100 _aHaefner, Ron.
245 1 0 _aAutomotive technology for general service technicians /
_cRon Haefner, Paul Leathers.
260 _aClifton Park, NY :
_bThomson/Delmar Learning,2008
_cc2008.
300 _axxi, 952 p. :
_bill. (chiefly col.) ;
_c29 cm.
500 _aIncludes index.
500 _adistributer: Al-Ahram
511 _acatalogued by: wesam
650 0 _aAutomobiles
_xMaintenance and repair.
700 1 _aLeathers, Paul.
942 _cBB
_k629.2872HAE
999 _c8094
_d8094